MDQL
is popping MORE tags! Check the
thread
!
Quizzes
Events
Quiz Creation
Community
Videos
Private Events
Remove Ads
Sign In
Join for FREE
Feedback
Dark Mode
Quiz Categories
Sports
Geography
Music
Movies
Television
Just For Fun
Miscellaneous
History
Literature
Language
Science
Gaming
Entertainment
Religion
Holiday
For Kids
Quiz Lab
Recent
Popular Today
Quiz Kudos Today
Editor Picks
Curator Picks
Quizzes by...
Day
Popularity
Type
Ratings
Length
Year
Community
Subscriptions
Recent Discussions
Orange Saloon
Badges
Playlists
Quests
Create
Leaderboards
Showdown
Live 5
Trivia Bingo
Activity
Puzzle Library
Sporcle Events
Private Events
Virtual Trivia
Globe League
Become a Host
Pub Owners
SporcleCon
Opinionation
Our Games
Videos
Blog
Mobile Apps
Partnerships
Remove Ads and Go Orange
Feedback
History
US Presidents
World Leaders
Politics
Nation
Discovery
War
Decade
Year
Century
Biography
Art
History
US Presidents
World Leaders
Politics
Nation
Discovery
War
Decade
Year
Century
Biography
Art
Random Quiz
Search Sporcle
×
Quiz Lab
Quiz Lab
History
US Presidents
Type in answers that appear in a list
Type in answers that appear in a list
Classic
Best Score? Go Orange.
Presidential Firsts Stats
Can you name the Presidential Firsts?
By
NickFabiani
5m
25 Questions
319 Plays
319 Plays
319 Plays
Comments
Comments
Give Quiz Kudos
Give Quiz Kudos
-
- Ratings
hide this ad
Forced Order
Answers have to be entered in order
Answers have to be entered in order
Replay
Link that replays current quiz
Next Quiz
Link to next quiz in quiz playlist
You Got
0%
They Got
Avg Score
32%
Avg Friend Score
Upgrade to see
Score Distribution
Jump to the score distribution portion of the page
Score
0/25
Timer
05:00
0
Plays Today
First
President
% Correct
First president to live in the White House
John Adams
89.6%
First president not elected to either the Presidency or Vice Presidency
Gerald Ford
61%
First president to serve on the Supreme Court
William H. Taft
57.5%
First president to win a Nobel Prize
Teddy Roosevelt
56.6%
First president elected by a decision of the House of Representatives
Thomas Jefferson
53.1%
First president to win a Grammy
Barack Obama
51.6%
First president born as a citizen of the United States
Martin Van Buren
51.3%
First president from a state outside the original 13 colonies
Andrew Jackson
42.8%
First president to win a Pullitzer Prize
John F. Kennedy
40.3%
First president to be married in the White House
Grover Cleveland
39.9%
First president to travel in an airplane
Franklin D. Roosevelt
38.7%
First president to ride in a helicopter
Dwight Eisenhower
35.8%
First president to travel to Europe while in office
Woodrow Wilson
25.2%
First
President
% Correct
First former vice president elected president
Richard Nixon
24.5%
First president to be sworn in using a nickname
Jimmy Carter
22.3%
First president from west of the Mississippi River
Herbert Hoover
21.4%
First left-
handed president
James Garfield
19.8%
First acting-
president
George H. W. Bush
15.4%
First president not sworn in by a judge
Calvin Coolidge
14.8%
First senator elected president
Warren G. Harding
14.5%
First president to install a Christmas Tree in the White House
Franklin Pierce
9.7%
First union president to become president
Ronald Reagan
9.7%
First president with facial hair
John Quincy Adams
7.5%
First president to have 'Hail to the Chief' played for him
John Tyler
3.5%
First president with a stepmother
Millard Filmore
1.9%
Quiz Playlist
Details
Report
Send in Message
Add To Playlist
Classic:
Type in answers that appear in a list
Forced Order:
Answers have to be entered in order
Last Updated: Feb 16, 2017
Quiz Scoreboard
CHALLENGE
Sign Up to Join the Scoreboard
Show All
Scores
Hide
Comments
May contain spoilers
Recently Published
Street Fighter Characters
by Artimus82
Gaming
60s
9x9 Crossword: Cartoon Network
by jackfrog10
Miscellaneous
3m
College Basketball Coaching Resumes
by pancakes188
Sports
9m
More to Explore
Quiz From the Vault
Featured Blog Post
Where Did the Easter Bunny Come From?
hide this ad
You Might Also Like...
Tags
US Presidents Quiz
Today's Top Quizzes in History
Browse History
hide this ad
Today's Top Quizzes in US Presidents
Browse US Presidents
Top Contributed Quizzes in History
1
Popular People in 1991
2
Popular People in 1981
3
Popular People in 1951
4
Popular People in 1941
5
Popular People in 1986
6
Popular People in 1976
7
Popular People in 1921
8
5-to-1: 20th Century Images of War
9
I Am Born On March 28th
10
Popular People in 1946
Explore More
Trending Topics
Kpop
Disney
Crossword
Marvel
NBA
Harry Potter
Anime
Soccer
Pokémon
Puzzle
WWE
The Office
Song
NFL
Country
hide this ad
More By:
NickFabiani
Quiz
Plays
Rating
Category
Featured
Created
Amtrak Routes
519
3.50
Miscellaneous
Sep 23, 2009
Presidential Firsts
319
3.60
History
Sep 26, 2009
Go to Creator's Profile
Score Distribution
Quiz Creator Spotlight
NickFabiani
Follow
Send a Message
Quizzes Created
-
Created Quiz Play Count
-
More By This Creator
Popular Quizzes Today
1
Find the US States - No Outlines Minefield
2
Find the Countries of Europe - No Outlines Minefield
3
The Countries of the World
4
Find the US States
5
Risky Map Clicking: Biggest States A-Z
6
US States
7
Popular People in 1961
8
Movies - When Are They Set?
More History Quizzes
Pyra-Grid: History
Published
Trending Quizzes
Risky Map Clicking: Least Populous States A-Z
Countries of the World: 200 Million BC
1-10 Letter G Words
Risky Map Clicking: Next State Alphabetically
Adjectives in 80s TV Shows
Recently Updated
Leaping Animals
pecheneg
Reality TV Shows (A-Z)
bhenderson79
Rickey Henderson's Hall of Fame Teammates
pecheneg
Champions League XIs: Arsenal
pecheneg
Quick Pick: Celebrities in WWE's Hall of Fame
aduchscher
A-Z Keypad Blitz II
pecheneg
Multiple Oscar Actors
pecheneg
Mystery Phrase Blitz: Oscar 'Best Actors'
pecheneg
F. Scott Fitzgerald Novels
LTH
Pick 3 Villains
ddd62291
Trending Topics
Marvel
Disney
NBA
Anime
Crossword
Kpop
Harry Potter
The Office
Country
Puzzle
WWE
Soccer
NFL
Song
Pokémon
Your Account Isn't Verified!
In order to create a playlist on Sporcle, you need to verify the email address you used during registration. Go to your
Sporcle Settings
to finish the process.
Report this User
Report this user for behavior that violates our
Community Guidelines
.
Details:
Send Report
Go to the Sporcle.com Mobile Site →
Comments